Public relations : (Record no. 18878)
[ view plain ]
| 000 -LEADER | |
|---|---|
| fixed length control field | 00867 am a22002778a 4500 |
| 001 - CONTROL NUMBER | |
| control field | 007471760 |
| 003 - CONTROL NUMBER IDENTIFIER | |
| control field | OSt |
| 005 - DATE AND TIME OF LATEST TRANSACTION | |
| control field | 20150114144611.0 |
| 008 - FIXED-LENGTH DATA ELEMENTS--GENERAL INFORMATION | |
| fixed length control field | 000224t2011 xxka frb 001 0 eng d |
| 020 ## - INTERNATIONAL STANDARD BOOK NUMBER | |
| International Standard Book Number | 1861525478 (pbk) |
| 020 ## - INTERNATIONAL STANDARD BOOK NUMBER | |
| International Standard Book Number | 9781861525475 |
| 040 ## - CATALOGING SOURCE | |
| Original cataloging agency | StDuBDS |
| Modifying agency | Uk |
| -- | EG-ScBUE |
| 082 00 - DEWEY DECIMAL CLASSIFICATION NUMBER | |
| Classification number | 659.2 |
| Edition number | 22 |
| Item number | HAR |
| 100 1# - MAIN ENTRY--PERSONAL NAME | |
| Personal name | Harrison, Shirley, |
| Dates associated with a name | 1949- |
| 9 (RLIN) | 37172 |
| 245 10 - TITLE STATEMENT | |
| Title | Public relations : |
| Remainder of title | an introduction / |
| Statement of responsibility, etc | Shirley Harrison. |
| 250 ## - EDITION STATEMENT | |
| Edition statement | 2nd ed. |
| 260 ## - PUBLICATION, DISTRIBUTION, ETC. (IMPRINT) | |
| Place of publication, distribution, etc | Hampshire, United Kingdom : |
| Name of publisher, distributor, etc | Cengage Learning, |
| Date of publication, distribution, etc | c.2011 |
| Manufacturer | (Lightning Source) |
| 300 ## - PHYSICAL DESCRIPTION | |
| Extent | xi, 212 p. : |
| Other physical details | ill. ; |
| Dimensions | 25 cm. |
| 500 ## - GENERAL NOTE | |
| General note | Previous ed. : London: Routledge, 1995. |
| 500 ## - GENERAL NOTE | |
| General note | Index : p. 209-212. |
| 504 ## - BIBLIOGRAPHY, ETC. NOTE | |
| Bibliography, etc | Bibliography : p. 204-208. |
| 650 #0 - SUBJECT ADDED ENTRY--TOPICAL TERM | |
| Topical term or geographic name as entry element | Public relations |
| 9 (RLIN) | 11586 |
| 653 ## - INDEX TERM--UNCONTROLLED | |
| Resource For college | Communication and mass media |
| Arrived date list | January2015 |
| 655 ## - INDEX TERM--GENRE/FORM | |
| Form subdivision | |
| -- | 34232 |
| 942 ## - ADDED ENTRY ELEMENTS (KOHA) | |
| Source of classification or shelving scheme | Dewey Decimal Classification |
| Call number prefix | 659.2 HAR |
| Withdrawn status | Item status | Source of classification or shelving scheme | Damaged status | Not for loan | Vendor | Home library | Current library | Shelving location | Date acquired | Source of acquisition | Cost, normal purchase price | Serial Enumeration / chronology | Total Checkouts | Total Renewals | Full call number | Barcode | Date last seen | Date last borrowed | Cost, replacement price | Koha item type |
|---|---|---|---|---|---|---|---|---|---|---|---|---|---|---|---|---|---|---|---|---|
| Dewey Decimal Classification | Baccah | Central Library | Central Library | First floor | 14/01/2015 | 332.00 | 21291 | 3 | 3 | 659.2 HAR | 000037300 | 15/07/2025 | 02/04/2019 | 415.00 | Book - Borrowing |